Numerical Problems in Chemistry (Record no. 61012)
[ view plain ]
| 000 -LEADER | |
|---|---|
| fixed length control field | 00513nam a22001817a 4500 |
| 005 - DATE & TIME | |
| control field | 20260604130951.0 |
| 008 - FIXED-LENGTH DATA ELEMENTS--GENERAL INFORMATION | |
| fixed length control field | 260604b |||||||| |||| 00| 0 eng d |
| 020 ## - ISBN | |
| International Standard Book Number | 9788184502039 |
| Price | 780.00 |
| 040 ## - CATALOGING SOURCE | |
| Original cataloging agency | Doon University |
| 041 ## - Language | |
| Language | English |
| 082 ## - DDC NUMBER | |
| Classification number | 540.76 |
| Book Number | BHA |
| 100 ## - MAIN ENTRY--PERSONAL NAME | |
| Personal name | Bhatia, A.S |
| 245 ## - TITLE STATEMENT | |
| Title | Numerical Problems in Chemistry |
| Sub Title | : Objective Type for all Competitive Examinations |
| 260 ## - PUBLICATION, DISTRIBUTION, ETC. (IMPRINT) | |
| Place of publication, distribution, etc | New Delhi |
| Name of publisher, distributor, etc | Deep And Deep |
| Date of publication, distribution, etc | 2009 |
| 300 ## - PHYSICAL DESCRIPTION | |
| Pages | 594 |
| 650 ## - Subject | |
| Subject | Chemistry (PM USHA) |
| 942 ## - ADDED ENTRY ELEMENTS (KOHA) | |
| Koha item type | Books |
| 100 ## - MAIN ENTRY--PERSONAL NAME | |
| -- | 26579 |
| 650 ## - Subject | |
| -- | 26803 |
| 952 ## - LOCATION AND ITEM INFORMATION (KOHA) | |
| -- | 2026-06-04 |
| 952 ## - LOCATION AND ITEM INFORMATION (KOHA) | |
| -- | 2026-06-04 |
| Withdrawn status | Lost status | Source of classification or shelving scheme | Damaged status | Not for loan | Location (home branch) | Sublocation or collection (holding branch) | Date acquired | Koha issues (times borrowed) | Koha full call number | Accession No. | Koha date last seen | Koha item type |
|---|---|---|---|---|---|---|---|---|---|---|---|---|
| Doon University | Doon University | 04.06.2026 | 540.76 BHA | 34410 | 04.06.2026 | Books | ||||||
| Doon University | Doon University | 04.06.2026 | 540.76 BHA | 34411 | 04.06.2026 | Books |